000 00730nam a2200289Ia 4500
005 20260324134614.0
008 008 260324s9999 xx 000 0 eng d
020 _a9781410603845
037 _aEBOOK
040 _aCRL
040 _beng
040 _cCRL
041 _2eng
041 _aeng
084 _qCRL
100 _aWilliam D. Crano; Michael Burgoon; Stuart Oskamp
_91197453
245 0 _aMass Media and Drug Prevention
245 0 _bClassic and Contemporary Theories and Research
260 _bTaylor and Francis
260 _c2001
365 _a
365 _b180
856 _uhttp://www.taylorfrancis.com/books/9781410603845
942 _cEBOOK
999 _c1797722
_d1797722